Pays ou se déroule les Disney - Statistiques

Statistiques générales
  • Ce quiz a été pris 586 fois
  • Le résultat moyen est 12 sur 17
Statistiques - réponses
Disney Pays % Correct
Les Aristochats | Le Bossu de Notre-Dame | Ratatouille | Merlin l'Enchanteur France
98%
Mulan Chine
95%
Volt, star malgré lui | Cars | Toy Story États-Unis
94%
Coco | Les Trois Caballeros Mexique
94%
Peter Pan | Les 101 Dalmatiens | Robin des Bois Royaume-Uni
93%
Hercule Grèce
90%
Pinocchio | Luca Italie
90%
Blanche Neige et les Sept Nains | Raiponce Allemagne
84%
La Reine des Neiges Norvège
82%
Le Livre de la Jungle Inde
72%
Encanto Colombie
67%
Kuzco, l'Empereur Mégalo Pérou
65%
Le roi lion Kenya
55%
Chicken Little | Bambi Canada
54%
Aladdin Iran
49%
Tarzan Congo
36%
Là-Haut Venezuela
24%
Aucun quiz correspondant
Distribution des résultats
% des personnes avec chaque résultat
Percentile par nombre de réponses
Votre historique - résultats
Vous n’avez pas pris ce quiz